000 00850nam a2200277Ia 4500
003 OSt
005 20220928131341.0
006 a|||||r|||| 00| 0
007 ta
008 220927b |||||||| |||| 00| 0 eng d
020 _cUKP 105.00
024 _a139301
037 _b43, 18/01/2019, Classic Book Service
_cTextual
040 _aSDCL
_cSDCL
_beng
041 _2eng
_aeng
082 _aSv, Q7
100 _aWoody William Douglas
_9477777
245 0 _aHistory of pscyhcology
_b The emergence of science and applications
250 _a6th
260 _aNew York
_b Routledge
_c2017
300 _axxiv,599p.
_ccm.
650 _aApplied Psychology
700 _a Viney Wayne
_9477778
942 _hSv, Q7
_cTEXL
_2CC
999 _c790287
_d790287